| 000 | 00735cam a2200241 a 4500 | ||
|---|---|---|---|
| 001 | 4505338 | ||
| 005 | 20240129010237.0 | ||
| 008 | 980121s1998 enk b 001 0 eng | ||
| 020 | _a0415114594 (hardcover : alk. paper) | ||
| 020 | _a0415114608 (pbk. : alk. paper) | ||
| 040 |
_aDLC _cDLC _dDLC |
||
| 082 | 0 | 0 |
_a320.54 _221 _bDAV. |
| 100 | 1 | _aMcCrone, David. | |
| 245 | 1 | 4 |
_aThe sociology of nationalism : _btomorrow's ancestors / _cDavid McCrone. |
| 260 |
_aLondon ; _aNew York : _bRoutledge, _c1998. |
||
| 300 | _aix, 207 p. ; | ||
| 650 | 0 | _aNationalism. | |
| 650 | 0 | _aPolitical sociology. | |
| 650 | 0 | _aSociology. | |
| 650 | 0 | _aEthnicity. | |
| 856 | 4 | 2 | _uhttp://www.loc.gov/catdir/enhancements/fy0648/98009523-d.html |
| 942 | _cL | ||
| 999 |
_c202 _d202 |
||